Times do Norte no Ranking Nacional de Clubes da CBF - Statistics

Estatísticas Gerais
  • Esse quiz foi jogado 46 vezes
    6 desde o último reset
  • A pontuação média é 8 de 20
Estatísticas das Respostas
Estado Divisão Resposta % Correto
AM Série D Manaus
100%
AM Série C Amazonas
83%
PA Série C Paysandu
83%
PA Série A Remo
83%
TO Série D Tocantinópolis
67%
PA Série D Águia de Marabá
50%
AC Sem divisão nacional Rio Branco
50%
TO Sem divisão nacional Capital
33%
AM Série D Manauara
33%
PA Série D Tuna Luso
33%
PA Sem divisão nacional Castanhal
17%
RR Série D GAS
17%
RO Série D Gazin Porto Velho
17%
AC Série D Humaitá
17%
AC Série D Independência
17%
AM Sem divisão nacional Princesa do Solimões
17%
RO Sem divisão nacional Real Ariquemes
17%
RR Série D São Raimundo
17%
AP Série D Trem
17%
TO Sem divisão nacional União
17%
Nenhum quiz correspondente encontrado
Distribuição das Pontuações
Porcentagem de Pessoas com Cada Pontuação
Percentil de Números Respondidos
Sua Pontuação Histórica
Você não jogou esse quiz desde o último reset